000 00479nam a2200205Ia 4500
005 20240823031309.0
008 240823s9999||||xx |||||||||||||| ||und||
020 _a81-317-1295-8
041 _aENGLISH
082 _A005.133 P7
100 _aLarry Ullman
245 0 _aC++ Programming
250 _a1st
260 _c2007
_bPearson Education Internat
500 _aYES
650 _aC++
_bComputer Science
700 _a Andreas Signer
942 _cBK
999 _c190731
_d190731